Welcome to CU Library Online Public Access Catalogue (OPAC)

Procurement principles and management / (Record no. 4988)

MARC details
000 -LEADER
fixed length control field 00919cam a2200229 a 4500
001 - CONTROL NUMBER
control field 15150563
005 - DATE AND TIME OF LATEST TRANSACTION
control field 20250319203113.0
008 - FIXED-LENGTH DATA ELEMENTS--GENERAL INFORMATION
fixed length control field 080123s2008 enka b 101 0 eng
020 ## - INTERNATIONAL STANDARD BOOK NUMBER
International Standard Book Number 9780273713791 (pbk. : alk. paper)
050 00 - LIBRARY OF CONGRESS CALL NUMBER
Classification number HF5437
Item number .P7995 2008
082 00 - DEWEY DECIMAL CLASSIFICATION NUMBER
Classification number 658.7/2
Edition information 22
245 00 - TITLE STATEMENT
Title Procurement principles and management /
Statement of responsibility, etc. Peter Baily ... [et al.].
250 ## - EDITION STATEMENT
Edition statement 10th ed.
260 ## - PUBLICATION, DISTRIBUTION, ETC.
Place of publication, distribution, etc. Harlow, England ;
-- New York :
Name of publisher, distributor, etc. Prentice Hall Financial Times,
Date of publication, distribution, etc. 2008.
300 ## - PHYSICAL DESCRIPTION
Extent xv, 448 p. :
Other physical details col. ill. ;
Dimensions 25 cm.
500 ## - GENERAL NOTE
General note Rev. ed. of: Purchasing principles and management / Peter Baily ... [et al.]. 9th ed. Harlow : Financial Times Prentice Hall, 2002.
650 #0 - SUBJECT ADDED ENTRY--TOPICAL TERM
Topical term or geographic name entry element Purchasing
General subdivision Management.
650 #0 - SUBJECT ADDED ENTRY--TOPICAL TERM
Topical term or geographic name entry element Industrial procurement
General subdivision Management.
700 1# - ADDED ENTRY--PERSONAL NAME
Personal name Baily, Peter J. H.
856 41 - ELECTRONIC LOCATION AND ACCESS
Materials specified Table of contents only
Uniform Resource Identifier <a href="http://www.loc.gov/catdir/toc/ecip089/2008002874.html">http://www.loc.gov/catdir/toc/ecip089/2008002874.html</a>
942 ## - ADDED ENTRY ELEMENTS (KOHA)
Source of classification or shelving scheme Library of Congress Classification
Koha item type Books
Edition 10th ed.
Suppress in OPAC No
999 ## -
-- 4988
-- 4988
Holdings
Withdrawn status Lost status Source of classification or shelving scheme Damaged status Not for loan Collection Home library Current library Shelving location Date acquired Total checkouts Full call number Barcode Date last seen Copy number Price effective from Koha item type
    Library of Congress Classification     Non-fiction Business Library (Miotso) Business Library (Miotso) Reference 03/19/2025   HF5437.P7995 PRO bssm00001499 03/19/2025 1 03/19/2025 Books
    Library of Congress Classification     Non-fiction Business Library (Miotso) Business Library (Miotso) General stacks 06/14/2025   HF5437.P7995 PRO BSSM00002221 06/14/2025 2 06/14/2025 Books
© 2023-2024 Copyright: Central University Libraries. All Rights Reserved | Created by: Mahone Tech Office